Malaysian standards catalogue 1999/ 2000.
| Format: | Book |
|---|---|
| Published: |
Shah Alam, Selangor:
Department of Standards Malaysia,
2000.
|
| Subjects: |
| LEADER | 00413cam a2200133 7i4500 | ||
|---|---|---|---|
| 001 | 0000009553 | ||
| 005 | 20010605090000.0 | ||
| 090 | 0 | 0 | |a M 658.562 |b MAL |
| 245 | 0 | 0 | |a Malaysian standards catalogue 1999/ 2000. |
| 260 | 0 | 0 | |a Shah Alam, Selangor: |b Department of Standards Malaysia, |c 2000. |
| 300 | # | # | |a 470 p.. |
| 650 | 0 | 0 | |a Standards -- |z Malaysia |
| 651 | 0 | 0 | |a Malaysia |
| 999 | |a 0000012224 |b Book |c Countries |e Business Information Centre | ||